La nueva revolución americana / (Record no. 132284)

MARC details
000 -LEADER
campo de control de longitud fija 00655nam a2200217 i 4500
001 - NÚMERO DE CONTROL
campo de control 132284
003 - IDENTIFICADOR DE NÚMERO DE CONTROL
campo de control ES-MaACL
005 - FECHA Y HORA DE LA ÚLTIMA TRANSACCIÓN
campo de control 20250921063032.0
007 - CAMPO FIJO DE DESCRIPCIÓN FÍSICA--INFORMACIÓN GENERAL
campo de control de longitud fija t|
008 - DATOS DE LONGITUD FIJA--INFORMACIÓN GENERAL
campo de control de longitud fija 070214s1974 sp |||| | spa d
080 ## - NÚMERO DE LA CLASIFICACIÓN DECIMAL UNIVERSAL
Número de la Clasificación Decimal Universal 32(73)"1969/74"
100 1# - ENTRADA PRINCIPAL--NOMBRE DE PERSONA
Nombre de persona Roldán, Juan,
Fechas asociadas al nombre 1942-2015
9 (RLIN) 99138
245 13 - MENCIÓN DEL TÍTULO
Título La nueva revolución americana /
Mención de responsabilidad, etc. Juan Roldán Ros.
260 ## - PUBLICACIÓN, DISTRIBUCIÓN, ETC.
Lugar de publicación, distribución, etc. Madrid :
Nombre del editor, distribuidor, etc. Ed. Nacional,
Fecha de publicación, distribución, etc. 1974.
300 ## - DESCRIPCIÓN FÍSICA
Extensión 174 p. ;
Dimensiones 21 cm.
490 1# - MENCIÓN DE SERIE
Mención de serie Ritmo universitario
651 #4 - PUNTO DE ACCESO ADICIONAL DE MATERIA--NOMBRE GEOGRÁFICO
Nombre geográfico Estados Unidos-
Subdivisión general Política y gobierno-
Subdivisión cronológica 1969-1974.
9 (RLIN) 162155
830 0# - PUNTO DE ACCESO ADICIONAL DE SERIE-TÍTULO UNIFORME
Título uniforme Ritmo universitario
9 (RLIN) 184521
852 ## - LOCALIZACIÓN
Ubicación ES-MaACL
Número de control de estantería E-7064
Holdings
Estatus retirado Estado de pérdida Estado de daño No para préstamo Biblioteca de origen Biblioteca actual Ubicación en estantería Fecha de adquisición Fuente de adquisición Total de préstamos Signatura topográfica completa Código de barras Visto por última vez Precio de reemplazo Tipo de ítem Koha
        Biblioteca del Ateneo de Madrid Biblioteca del Ateneo de Madrid Depósito 2 17/01/2008     E-7064 1137721 23/02/2023 23/02/2023 Libro impreso